| 000 | 00536nam a2200193Ia 4500 | ||
|---|---|---|---|
| 001 | 5474 | ||
| 003 | GE_BSU | ||
| 008 | 181216s||||||||xx |||||||||||||| ||und|| | ||
| 040 | _cGE_BSU | ||
| 080 | _a512.64 | ||
| 100 | _aИкрамов, Х.Д. | ||
| 245 | _aЧисленное решение матричных уравнений. | ||
| 260 | _aМосква | ||
| 260 | _bНаука | ||
| 260 | _c1984 | ||
| 300 | _a190 с. 20 см. | ||
| 653 | _aЧисленное решение матричных уравнений. | ||
| 942 | _cBK | ||
| 999 |
_c38999 _d38999 |
||